| 000 | 00587nam a2200193Ia 4500 | ||
|---|---|---|---|
| 005 | 20240418061539.0 | ||
| 008 | 240331s9999 xx 000 0 und d | ||
| 020 | _a8788209083 | ||
| 082 |
_bHVI _a331.4 |
||
| 245 | 0 |
_aStrategies for integrating women into the labour market _cWomen's Research Centre in Social Science. |
|
| 260 |
_aDenmark : _bWomen's Research Centre in Social Science / _c1982. |
||
| 300 | _a347 p ., | ||
| 650 | _aWomen | ||
| 650 | _aSocial | ||
| 700 |
_aHvidtfeldt, Kirsten _eedt |
||
| 700 |
_aJorgensen, Kirsten _eedt |
||
| 700 |
_aNielsen, Ruth _eedt |
||
| 942 | _cL | ||
| 999 |
_c2573 _d2573 |
||